List of Police-stations in the Bengal Presidency: (Record no. 26594)
[ view plain ]
| 000 -LEADER | |
|---|---|
| fixed length control field | 00594nam a22001697a 4500 |
| 003 - CONTROL NUMBER IDENTIFIER | |
| control field | BDDh-ASL |
| 005 - DATE AND TIME OF LATEST TRANSACTION | |
| control field | 20231015030648.0 |
| 008 - FIXED-LENGTH DATA ELEMENTS--GENERAL INFORMATION | |
| fixed length control field | 211014s1927 i ||||| |||| 00| 0 eng d |
| 040 ## - CATALOGING SOURCE | |
| Original cataloging agency | BDDh-ASL |
| Transcribing agency | BDDh-ASL |
| 082 ## - DEWEY DECIMAL CLASSIFICATION NUMBER | |
| Classification number | 363.2336 |
| Item number | LIS |
| 245 00 - TITLE STATEMENT | |
| Title | List of Police-stations in the Bengal Presidency: |
| Remainder of title | Corrected up to 1st January 1927, Compiled in the Office of the Inspector-General of Police, Bengal/ |
| 260 ## - PUBLICATION, DISTRIBUTION, ETC. | |
| Place of publication, distribution, etc. | Calcutta: |
| Name of publisher, distributor, etc. | Bengal Government Press, |
| Date of publication, distribution, etc. | 1927. |
| 300 ## - PHYSICAL DESCRIPTION | |
| Extent | 139 p. : |
| Dimensions | 25 cm. |
| 650 #0 - SUBJECT ADDED ENTRY--TOPICAL TERM | |
| 9 (RLIN) | 5037 |
| Topical term or geographic name entry element | Police-Stations |
| 651 #0 - SUBJECT ADDED ENTRY--GEOGRAPHIC NAME | |
| 9 (RLIN) | 5038 |
| Geographic name | Bengal Presidency |
| 942 ## - ADDED ENTRY ELEMENTS (KOHA) | |
| Source of classification or shelving scheme | Dewey Decimal Classification |
| Koha item type | Books |
| Withdrawn status | Lost status | Source of classification or shelving scheme | Damaged status | Not for loan | Collection code | Home library | Current library | Shelving location | Date acquired | Source of acquisition | Total Checkouts | Full call number | Barcode | Date last seen | Copy number | Price effective from | Koha item type | Public note |
|---|---|---|---|---|---|---|---|---|---|---|---|---|---|---|---|---|---|---|
| Dewey Decimal Classification | Non-fiction | Asiatic Society Library | Asiatic Society Library | General Stacks | 10/14/2021 | Mr. Mahbub Siddiq, Rajshahi | 363.2336 LIS | 112633 | 10/14/2021 | C-1 | 10/14/2021 | Books | Rare |